Southville International School and Colleges
Your cart is empty.
  • Cart
  • Lists
    Public lists Eva Luna New books Lux_list list_1
    Your lists Log in to create your own lists
  • Log in to your account
  • Your cookies
  • Search history
Southville International School and Colleges
  • Advanced search
  • Recent comments
  • Most popular
  • Libraries

Log in to your account

Log in with GOOGLE


If you do not have an external account, but do have a local account, you can still log in:

  1. Home
  2. MARC view: Charlie and the chocolate factory /
Normal view MARC view ISBD view

Charlie and the chocolate factory / (Record no. 34600)

[ view plain ]
MARC details
000 -LEADER
fixed length control field 01276cam a22003373a 4500
003 - CONTROL NUMBER IDENTIFIER
control field OSt
005 - DATE AND TIME OF LATEST TRANSACTION
control field 20140310184452.0
008 - FIXED-LENGTH DATA ELEMENTS--GENERAL INFORMATION
fixed length control field 060410s2005 nyua j 000 1 eng d
010 ## - LIBRARY OF CONGRESS CONTROL NUMBER
LC control number 2006272098
020 ## - INTERNATIONAL STANDARD BOOK NUMBER
International Standard Book Number 9780142410318
035 ## - SYSTEM CONTROL NUMBER
System control number (OCoLC)ocm60524928
040 ## - CATALOGING SOURCE
Original cataloging agency TLM
Transcribing agency TLM
Modifying agency BAKER
-- OCLCQ
-- DLC
050 00 - LIBRARY OF CONGRESS CALL NUMBER
Classification number PZ 7
Item number .D1515Ch 1964
100 ## - MAIN ENTRY--PERSONAL NAME
Personal name Dahl, Roald
9 (RLIN) 3827
245 00 - TITLE STATEMENT
Title Charlie and the chocolate factory /
Statement of responsibility, etc Roald Dahl.
260 ## - PUBLICATION, DISTRIBUTION, ETC. (IMPRINT)
Place of publication, distribution, etc New York :
Name of publisher, distributor, etc Scholastic Inc.,
Date of publication, distribution, etc 1964.
300 ## - PHYSICAL DESCRIPTION
Extent 155 p. :
Other physical details ill. ;
Dimensions 20 cm.
521 ## - TARGET AUDIENCE NOTE
Target audience note
526 ## - STUDY PROGRAM INFORMATION NOTE
Reading level 810
650 #0 - SUBJECT ADDED ENTRY--TOPICAL TERM
Topical term or geographic name as entry element Chocolate factories
Form subdivision Fiction.
9 (RLIN) 28132
650 #1 - SUBJECT ADDED ENTRY--TOPICAL TERM
Topical term or geographic name as entry element Behavior
Form subdivision Fiction.
9 (RLIN) 28133
655 #7 - INDEX TERM--GENRE/FORM
Genre/form data or focus term Humorous fiction.
Source of term gsafd
9 (RLIN) 6350
700 1# - ADDED ENTRY--PERSONAL NAME
Personal name Dahl, Roald.
Title of a work Charlie and the chocolate factory.
9 (RLIN) 28134
730 0# - ADDED ENTRY--UNIFORM TITLE
Uniform title Charlie and the chocolate factory (Motion picture)
9 (RLIN) 28135
906 ## - LOCAL DATA ELEMENT F, LDF (RLIN)
a 7
b cbc
c copycat
d 2
e ncip
f 20
g y-gencatlg
942 ## - ADDED ENTRY ELEMENTS (KOHA)
Source of classification or shelving scheme Library of Congress Classification
Koha item type
Holdings
Withdrawn status Lost status Source of classification or shelving scheme Damaged status Home library Current library Shelving location Date acquired Total Checkouts Full call number Barcode Date last seen Copy number Price effective from Koha item type Date checked out Total Renewals
    Library of Congress Classification   Luxembourg Library Luxembourg Library Scholastic Reading Center Section 10/11/2013   PZ 7 .D1515Ch 1964 LEX1983 04/18/2017 1 10/11/2013 Books    
    Library of Congress Classification   Luxembourg Library Luxembourg Library Scholastic Reading Center Section 10/16/2013 1 PZ 7 .D1515Ch 1964 SCHO0649 01/17/2019 2 10/16/2013 Books 01/16/2019  
    Library of Congress Classification   Luxembourg Library Luxembourg Library Scholastic Reading Center Section 10/17/2013 1 PZ 7 .D1515Ch 1964 SCHO0049 10/07/2017 3 10/17/2013 Books 09/25/2017 3

Charlie and the chocolate factory /

APA

Dahl R., Dahl R., . (1964). Charlie and the chocolate factory. New York: Scholastic Inc.

Chicago

Dahl Roald, Dahl Roald, . 1964. Charlie and the chocolate factory. New York: Scholastic Inc.

Harvard

Dahl R., Dahl R., . (1964). Charlie and the chocolate factory. New York: Scholastic Inc.

MLA

Dahl Roald, Dahl Roald, . Charlie and the chocolate factory. New York: Scholastic Inc. 1964.

  • Place hold
  • Print
  • Cite
  • Add to your cart (remove)
  • Save record
    BIBTEX Dublin Core MARCXML MARC (non-Unicode/MARC-8) MARC (Unicode/UTF-8) MARC (Unicode/UTF-8, Standard) MODS (XML) RIS
  • More searches
    Search for this title in:
    Other Libraries (WorldCat) Other Databases (Google Scholar) Online Stores (Bookfinder.com) Open Library (openlibrary.org)

Exporting to Dublin Core...

SOUTHVILLE LIBRARY

Southville International School and Colleges Library

1281 Tropical Ave. Cor. Luxembourg St., BF Homes International, Las Pinas City

Tel. No. 8256374 / 252358 Loc. 117/146

Powered by Koha